000
00251nam a2200097Ia 4500
001
699482
005
20250826162111.0
008
250824s9999 xx 000 0 und d
245
0
_a
HANIMIN ÇİFTLİĞİ 2/O.KEMAL/EVEREST
_c
ORHAN KEMAL
260
_b
EVEREST
999
_c
699482
_d
699482